000 00797nam a2200217 a 4500
001 000017645
005 20200929165200.0
008 100329s1995 dr 000 0 spa d
040 _aDO-SdBNP
_bspa
_cBNPHU
082 _a242.8
_bH471p, 1995
100 1 _aHeinsen, Franz
_938463
245 1 0 _aPaz interior :
_bcómo liberarse de las actitudes negativas que quitan la paz interior y cultivar las actitudes positivas que llevan a la paz interior y la felicidad /
_cFranz Heinsen.
250 _a5a ed.
260 _aSanto Domingo :
_bTaller,
_c1995.
300 _a103 p. ;
_c23 cm.
500 _aIncluye datos biográficos del autor en la contracubierta.
650 4 _aOración
_xColecciones
_938464
650 4 _aPaz del espiritu
_938465
650 4 _aDirección espiritual
_96470
049 _aBNPD
999 _c17170
_d17170